Library of the University of Algiers 3
Ibrahim Sultan Cheibout
شعار جامعة الجزائر 3
مكتبة جامعة الجزائر 3
إبراهيم سلطان شيبوط

محاسبة التكاليف : (رقم التسجيلة. 42641)

تفاصيل مارك
000 -LEADER
fixed length control field 01630nam a2200253Ia 4500
003 - CONTROL NUMBER IDENTIFIER
control field Ost
005 - DATE AND TIME OF LATEST TRANSACTION
control field 20260507075051.0
008 - FIXED-LENGTH DATA ELEMENTS--GENERAL INFORMATION
fixed length control field 260507s9999||||xx |||||||||||||| ||und||
020 ## - INTERNATIONAL STANDARD BOOK NUMBER
International Standard Book Number 4058249960
040 ## - CATALOGING SOURCE
Transcribing agency fsecg
041 ## - LANGUAGE CODE
Language code of text/sound track or separate title ara
082 ## - DEWEY DECIMAL CLASSIFICATION NUMBER
Classification number 600
100 ## - MAIN ENTRY--PERSONAL NAME
Personal name هورنجرن، تشارلز
Relator term مؤلف
245 #0 - TITLE STATEMENT
Title محاسبة التكاليف :
Remainder of title مدخل إداري /
Statement of responsibility, etc. تشارلز هورنجرن
250 ## - EDITION STATEMENT
Edition statement طبعة 2
260 ## - PUBLICATION, DISTRIBUTION, ETC.
Place of publication, distribution, etc. السعودية:
Name of publisher, distributor, etc. دار المريخ للنشر,
Date of publication, distribution, etc. 1996
300 ## - PHYSICAL DESCRIPTION
Extent 625 صفحة؛
Other physical details إيضاحات ؛
Dimensions 25 سم
520 ## - SUMMARY, ETC.
Summary, etc. تخصيص التكلفة والتكاليف- تخصيص تكاليف المنتجات المشتركة والمنتجات الفرعية- نظم تحديد تكلفة المرحلة- التلف والوحدات المعاد تشغيلها والعوادم- تحديد تكلفة العملية وتحديد التكلفة ارتجاعيا ومراقبة المشروع- اعداد الموازنة الرأسمالية وتحليل التكلفة- إعداد الموازنة الرأسمالية- قياس المزج والغلة والإنتاجية- إدارة التكلفة والجودة والوقت- إدارة المخزون وفي الموعد بالضبط- إختيار النظم اللامركزية وتحديد أسعار التحويل- إختيار النظر وقياس الأداء والمكافأة
653 ## - INDEX TERM--UNCONTROLLED
Uncontrolled term المحاسبة
653 ## - INDEX TERM--UNCONTROLLED
Uncontrolled term محاسبة التكاليف
700 ## - ADDED ENTRY--PERSONAL NAME
Personal name داتار، سريكانت
Relator term مؤلف ثانوي
700 ## - ADDED ENTRY--PERSONAL NAME
Personal name فوستر، جورج
Relator term مؤلف ثانوي
942 ## - ADDED ENTRY ELEMENTS (KOHA)
Koha item type كتب
المقتنيات
Withdrawn status Lost status Source of classification or shelving scheme Damaged status Not for loan Home library Current library Date acquired Serial enumeration / chronology Inventory number Total checkouts Full call number Barcode Date last seen Price effective from Koha item type
    Dewey Decimal Classification   NOT LOAN / إعارة داخلية مكتبة كلية العلوم الإقتصادية والعلوم التجارية وعلوم التسيير مكتبة كلية العلوم الإقتصادية والعلوم التجارية وعلوم التسيير 07/05/2026 الطابق الأرضي 1/2/405   أ/405ج2ن1 1/2/405 07/05/2026 07/05/2026 كتب
    Dewey Decimal Classification   Available مكتبة كلية العلوم الإقتصادية والعلوم التجارية وعلوم التسيير مكتبة كلية العلوم الإقتصادية والعلوم التجارية وعلوم التسيير 07/05/2026 الطابق الثاني 2/2/405   أ/405ج2ن1 2/2/405 07/05/2026 07/05/2026 كتب

موارد الويب المفتوحة


© University of Algiers 3 All Rights Reserved
|
Implemented by LECHELAH Riad